000 02435cam a22006134i 4500
003 PE-LiUPU
005 20250731170441.0
008 150625s2001 mx a rb 000 0 spa d
020 _a968426951x
020 _a9789684269514
035 _a(Sirsi) i968426951
040 _aPE-LiUPU
_bspa
_cPE-LiUPU
_dPE-LiUPU
_erda
049 _aPRUA
082 0 4 _a131.3
_bR74
_221
100 1 _aRodríguez Estrada, Mauro,
_eautor.
245 1 0 _aHoloterapia :
_bciencia y arte de la felicidad /
_cMauro Rodríguez Estrada y Alma Martín Sánchez.
264 1 _aMéxico :
_bEl Manual Moderno,
_c2001.
300 _a204 páginas :
_bilustraciones ;
_c23 centímetros
336 _atext
_2rdacontent
337 _aunmediated
_2rdamedia
338 _avolume
_2rdacarrier
504 _aIncluye referencias bibliográficas.
505 0 _aPara los impacientes -- Para los que quieren profundizar -- Los retos y la esperanza -- Anhelo universal del hombre: bienestar y felicidad -- Psicoterapia y holoterapia -- La actual crisis de valores -- El cambio, un valor y un reto -- Construcción de la personalidad -- La creatividad, factor de felicidad -- Las piedras en el camino -- Actitudes positivas -- Agentes y acciones -- La terapia, una necesidad social -- Familia terapéutico -- La escuela -- La empresa terapéutica -- Psicoterapia profesional -- Terapias alternativas.
526 _aSEG68
526 _aSEG70
526 _aSEG69
526 _aSEG67
526 _aSEG43
526 _aP144
526 _aP143
526 _aP131
526 _aP122
526 _aP120
526 _aP117
526 _aP112
526 _aP110
526 _aP106
526 _aP101
526 _aP80
526 _aP59
526 _aP54
526 _aP35
526 _aP33
526 _aP30
541 _g0003233;
650 0 4 _aFelicidad
_xAspectos psicológicos.
650 0 4 _aExito y personalidad.
910 _agl
_cng
_d20060622
942 _2ddc
_cBOOK
949 _a131.3 R74
_wDEWEY
_c1
_i56358
_lCCODEBUL1
_mBUL
_p26.00
_r0
_sY
_tBOOK
_u2015-6-25
_xEDUCACION
_PP33
_0COMPRA
_o.STAFF. Colección Ciencias de la Salud
994 _aC0
_bPEPRU
596 _a1
999 _a131.3 R74
_wDEWEY
_c45608
_i56358
_d45608
_e2018-5-8
_f2021-11-3
_g5
_lCCODEBUL1
_mBUL
_n10
_p26.00
_r0
_sY
_tBOOK
_u2015-6-25
_xSALUD
_zP33
_0COMPRA
_o.STAFF. Colección Ciencias de la Salud
980 _81
_gALBERTO SANCHEZ Responsable de Automatización